Vékony, fiatal nőket kedvelt a szobrász Amerigo Tot telt idomú asszonyai a várban /

Elmentve itt :
Bibliográfiai részletek
Szerző: Dombai Tünde
Dokumentumtípus: Cikk
Megjelent: 2009-07-25
Sorozat:Délmagyarország 99 No. 173
Kulcsszavak:Tot, Amerigo, Szeged, Vár Szeged, Kiállítás szobrászat, Eseménynaptár Szeged 2009. 06-07., Móra Ferenc Múzeum (Szeged)
Online Access:http://dmarchiv.bibl.u-szeged.hu/141884
LEADER 00622nab a2200157 i 4500
001 delm141884
005 20200204081143.0
008 200204s2009 hu o 0|| hun d
040 |a SZTE Délmagyarország Archívum  |b hun 
041 |a hun 
100 1 |a Dombai Tünde 
245 1 0 |a Vékony, fiatal nőket kedvelt a szobrász   |h [elektronikus dokumentum] :  |b Amerigo Tot telt idomú asszonyai a várban /  |c  Dombai Tünde 
260 |c 2009-07-25 
300 |a 7 
490 0 |a Délmagyarország  |v 99 No. 173 
695 |a Tot, Amerigo, Szeged, Vár Szeged, Kiállítás szobrászat, Eseménynaptár Szeged 2009. 06-07., Móra Ferenc Múzeum (Szeged)